| 000 | 00438nam a2200169Ia 4500 | ||
|---|---|---|---|
| 008 | 260520s2020 xx 000 0 und d | ||
| 020 | _a978-93-89795-93-6 | ||
| 041 | _aeng | ||
| 082 | _a660.6/LAL | ||
| 100 | _aLal, Rup | ||
| 245 | _aAn Introduction to Biotechnology | ||
| 250 | _a1st ed | ||
| 260 |
_aNew Delhi _bI K International Pub House Pvt Ltd _c2020 |
||
| 300 | _a207p. | ||
| 500 | _aCat No: 15022 | ||
| 650 | _aENGINEERING | ||
| 999 |
_c1221829 _d1221829 |
||